| 000 | 00793 a2200229 4500 | ||
|---|---|---|---|
| 020 | _a3540333894 | ||
| 020 | _a9783540333890 | ||
| 082 | 0 | 4 | _a530.474 |
| 090 |
_c1379 _d1379 |
||
| 100 | 1 | _aPapon, Pierre. | |
| 245 | 1 | 4 |
_aThe physics of phase transitions : _bconcepts and applications / _cPierre Papon, Jacques Leblond, Paul H.E. Meijer, S.L. Schnur. |
| 250 | _a2nd ed. | ||
| 260 |
_a[S.l.] : _bSpringer, _c2006. |
||
| 300 |
_a427 p. ; _c24 cm. |
||
| 490 | 1 | _aAdvanced texts in physics. | |
| 700 | 1 | _aLeblond, Jacques. | |
| 700 | 1 | _aMeijer, Paul H.E. | |
| 700 | 1 | _aSchnur, S.L. | |
| 830 | 0 | _aAdvanced texts in physics. | |
| 942 |
_aSNS _cBK _k530.474 PAP |
||
| 999 |
_c29991 _d29991 |
||